Statistics for 50 Greatest WWE finishers (according to the WWE)

Click here to take the quiz!

General Stats

  • This quiz has been taken 2,545 times
  • The average score is 32 of 50

Answer Stats

Hint Answer % Correct
Tombstone PiledriverUndertaker
90%
Vader BombVader
89%
Batista BombBatista
89%
Rock Bottom / Peoples ElbowThe Rock
88%
RKORandy Orton
88%
Attitude AdjustmentJohn Cena
88%
Lion Tamer / Walls of JerichoChris Jericho
88%
F-5Brock Lesnar
86%
PedigreeTriple H
86%
Sweet Chin MusicShawn Michaels
86%
6-1-9Rey Mysterio
86%
SpearEdge
86%
StunnerStone Cold Steve Austin
85%
Ankle LockKurt Angle
84%
Lita-saultLita
83%
SharpshooterBret Hart
81%
Figure Four Leg LockRic Flair
80%
Swanton BombJeff Hardy
79%
Clothesline from HellJBL
78%
Million Dollar DreamTed DiBiase
78%
Five-Star Frog SplashRob Van Dam
78%
GTSCM Punk
78%
Mandible Claw / SockoMankind
77%
ChokeslamBig Show
76%
Leg DropHulk Hogan
75%
JackhammerGoldberg
74%
Diamond CutterDiamond Dallas Page
73%
Perfect PlexMr. Perfect
69%
Razors EdgeScott Hall
68%
3-DDudley Boyz
68%
Superfly SplashJimmy Snuka
66%
Jack-knife PowerbombKevin Nash
65%
Scorpion Death LockSting
64%
Rude AwakeningRick Rude
59%
Frog SplashEddie Guerrero
58%
Flying Elbow DropMacho Man Randy Savage
54%
Bonzai DropYokozuna
53%
Camel ClutchIron Sheik
46%
DDTJake "The Snake" Roberts
45%
Bionic ElbowDusty Rhodes
42%
Crossface Chicken WingBob Backlund
39%
Torture RackLex Luger
34%
Cobra ClutchSgt. Slaughter
32%
Shake Rattle and RollHonky Tonk Man
29%
Doomsday DeviceRoad Warriors
27%
PiledriverJerry Lawler
22%
Iron ClawKerry Von Erich
12%
BearhugBruno Sammartino
9%
MoonsaultBam Bam Bigelow
6%
450 SplashFlash Funk
4%

Score Distribution

Percentile by Number Answered

Percent of People with Each Score

Your Score History

You have not taken this quiz